00501 2200193 4500001002100000005001500021035002000036007000300056008004100059020002200100082001000122084001600132100001200148245004900160260003400209300004200243600001100285990001100296INLIS00000000000003420230922112238 a0010-0923000022ta230922 g 0 ind  a978-602-1250-47-5 a633.1 a633.1 SUM s0 aSumarno1 aSorgum :bInovasi Teknologi dan Pengembangan aJakarta :bIAARD Press,c2013 ax, 291 hlm, :bilus, ;c16 cm x 24 cm 4aSorgum a585/14